Jízdní kolo /

Uložené v:
Podrobná bibliografia
Hlavní autori: Boháč, Jaroslav (Author), Kareis, Bedřich (Author)
Médium: Kniha
Jazyk:Czech
Vydané: Praha : Státní nakladatelství technické literatury, 1989
Vydanie:1. vyd.
Edícia:Polytechnická knižnice svazek 105
3. řada Udělejte si sami
ISBN: 800300070X (brož.)
Fyzický popis: 157 s.
Tagy: Pridať tag
Žiadne tagy, Buďte prvý kto otaguje tento záznam!

MARC

LEADER 00000nam a2200000 a 4500
001 000194021
005 20060921151821.0
008 060420s1989 xr e 000 0 czeo
020 |a 800300070X (brož.) 
040 |a SVKKK  |b slo  |c SVKKK  |e AACR2 
041 0 |a cze 
044 |a xr  |c CZ 
100 1 |a Boháč, Jaroslav  |4 aut 
245 1 0 |a Jízdní kolo /  |c Jaroslav Boháč, Bedřich Kareis 
250 |a 1. vyd. 
260 |a Praha :  |b Státní nakladatelství technické literatury,  |c 1989 
300 |a 157 s. 
440 0 |a Polytechnická knižnice  |v svazek 105 
440 0 |p 3. řada Udělejte si sami 
700 1 |a Kareis, Bedřich  |4 aut 
910 |a svkkk 
919 |a 80-03-00070-X 
998 |a BK 
090 |g SCKHL  |k Sklad Pribinova 2. posch.  |a II.328387  |j 791656  |i 2720218160  |s Absenčne 
090 |g SCKHL  |k Sklad Pribinova 2. posch.  |a II.328388  |j 791657  |i 194021-20  |s Absenčne 
090 |g SCKHL  |k Sklad Pribinova 2. posch.  |a II.328389  |j 791658  |i 194021-30  |s Absenčne 
090 |g SCKHL  |k Sklad Pribinova 2. posch.  |a II.328815  |j 792739  |i B73145  |s Absenčne 
090 |g SCKHL  |k Sklad Pribinova 2. posch.  |a II.328816  |j 792740  |i B73146  |s Absenčne